Países com a maior população carcerária do Mundo - Statistics

Estatísticas Gerais
  • Esse quiz foi jogado 129 vezes
  • A pontuação média é 7 de 10
Estatísticas das Respostas
Presos País % Correto
2.217.000 Estados Unidos
100%
607.731 Brasil
99%
1.657.812 China
95%
642.444 Rússia
92%
418.536 Índia
87%
225.138 México
87%
225.624 Irã
59%
161.692 Indonésia
54%
174.460 Turquia
38%
313.580 Tailândia
27%
Nenhum quiz correspondente encontrado
Distribuição das Pontuações
Porcentagem de Pessoas com Cada Pontuação
Percentil de Números Respondidos
Sua Pontuação Histórica
Você não jogou esse quiz